Nintendo's (NES) First Games By Cover. - Statistics

General Stats
  • This quiz has been taken 81 times
  • The average score is 21 of 33
Answer Stats
Picture Answer % Correct
Super Mario Bros.
100%
Golf
95%
Duck Hunt
89%
Donkey Kong
88%
Metroid
88%
Baseball
84%
Pro Wrestling
84%
Kid Icarus
81%
Tennis
81%
Excitebike
80%
Popeye
80%
Donkey Kong Jr.
78%
Soccer
78%
Volleyball
78%
Mario Bros.
77%
10 Yard Fight
72%
Ice Climber
70%
Balloon Fight
64%
Kung Fu
59%
Wrecking Crew
52%
Donkey Kong 3
48%
Clu Clu Land
47%
Gyromite
45%
Pinball
45%
Rad Racer
44%
Donkey Kong Jr. Math
42%
Hogan's Alley
42%
Mach Rider
42%
Urban Champion
42%
Wild Gunman
38%
Gumshoe
36%
Stack-Up
34%
Slalom
33%
No matching quizzes found
Score Distribution
Percent of People with Each Score
Percentile by Number Answered
Your Score History
You have not taken this quiz